000 00436nam a22001817a 4500
003 MPLRDC
005 20220104123838.0
008 210129b ||||| |||| 00| 0 eng d
082 _a177.3 CAR-4 c.2*
100 _aDALE CARNEGIE 原著
245 _a昨日. 今日. 明日
_c
250 _a初版
260 _a
_b业强出版社
_c1986
300 _b
490 _a业强丛书;22
650 _a
942 _cBK
_o177.3 CAR-4 c.2*
999 _c14663
_d14653